[Event "ISR-ch"]
[Site "Ramat Aviv/Modiin"]
[Date "2000.12.27"]
[Round "10"]
[White "Sutovsky, Emil"]
[Black "Bar, Roman"]
[Result "1-0"]
[WhiteElo "2609"]
[BlackElo "2354"]
[Annotator "Gershon,A"]
[PlyCount "91"]
[EventDate "2000.12.17"]
[EventType "tourn"]
[EventRounds "11"]
[EventCountry "ISR"]
[EventCategory "11"]
[SourceTitle "CBM 081"]
[Source "ChessBase"]
[SourceDate "2001.03.20"]
[SourceVersion "1"]
[SourceVersionDate "2001.03.20"]
[SourceQuality "1"]

1. e4 c5 2. Nf3 Nc6 3. Bb5 g6 4. Bxc6 dxc6 5. d3 Bg4 (5... Bg7 6. h3 (6. Nbd2
Nf6 7. O-O Nd7 8. Nc4 b6 9. h3 Nf8 10. Nh2 Ba6 11. Kh1 e5 12. b3 Ne6 13. Nf3 f6
14. Bd2 O-O $11 {0-1 Campora,D-Kharlov,A/Malaga 1999/CBM 68 ext (30)}) 6... b6
7. Nc3 Nh6 (7... e5 8. O-O Ne7 9. a3 a5 10. b3 O-O 11. Bb2 Qd6 12. a4 f6 13.
Nd2 Be6 14. Ne2 Bh6 $11 {1/2-1/2 Glek,I-Kishnev,S/Recklinghausen 1999/EXT 2000
(60)}) 8. Be3 f6 9. d4 (9. O-O e5 10. a3 a5 (10... O-O 11. b4 cxb4 12. axb4 Nf7
13. Nd2 f5 14. f3 Be6 15. Qe2 Qe7 16. Ra4 Rad8 17. Rfa1 Rd7 18. b5 c5 19. Nc4
Rb7 20. Bf2 f4 $15 {1/2-1/2 Kabanov,N-Arutunian,D/Yerevan ARM 2000/The Week in
Chess 308 (56)}) 11. Na4 Rb8 12. b4 cxb4 13. axb4 b5 14. Nc5 a4 15. d4 Nf7 16.
Qe2 O-O 17. c4 Nd6 18. Rfd1 Qe7 19. cxb5 cxb5 20. dxe5 fxe5 21. Bg5 $16 {
1-0 Rublevsky,S-Iskusnyh,S/St Petersburg 1999/CBM 71 (71)}) 9... cxd4 10. Nxd4
Bd7 11. Qe2 e5 12. Nf3 Nf7 13. O-O Qe7 14. a4 $1 {[%csl Rc5][%cal Ga4a5]} O-O
15. a5 b5 16. Nd2 Nd8 17. Nb3 Ne6 18. Rfd1 Rfc8 19. f3 Be8 20. Qf2 $14 {
1-0 Svidler,P-Kramnik,V/Wijk aan Zee 1999/CBM 68 ext (42)}) 6. h3 (6. Nbd2 Bg7
7. O-O Nf6 8. h3 Bxf3 9. Qxf3 O-O 10. Qe2 e5 11. Nc4 Nd7 12. a4 Qe7 13. Bd2 b6
14. Bc3 Rfd8 15. Qe1 Nf8 16. f4 exf4 17. Bxg7 Kxg7 18. Rxf4 Ne6 19. Rf2 f6 20.
Ne3 Nf8 21. Qd2 Nd7 22. Ng4 Rf8 23. Raf1 Qe6 24. Qf4 Rf7 25. h4 Raf8 $14 {
1/2-1/2 Adams,M-Gelfand,B/Dos Hermanas 1999/CBM 71 (42)}) 6... Bxf3 7. Qxf3 Bg7
8. Qe2 {White's idea in this variation is to play against the black B and the
doubled pawns, while black, having a very solid position for itself, has the
time to react on white's every try.} (8. a4) 8... e5 ({trying not to close the
B can be dangerous as it would allow white to gain some space.} 8... Nf6 $6 9.
e5 Nd5 (9... Nd7 10. e6 fxe6 11. Qxe6 $16 {[%csl Re7]}) 10. O-O $36 {[%cal
Gf2f4,Yb1d2,Yd2e4]}) 9. Be3 {[%csl Rc5][%cal Ge3c5]} Qe7 10. a4 Nf6 (10... f6
11. a5 $16 {[%csl Rc5][%cal Gb1d2,Gd2b3]}) (10... Bh6 $2 11. Bxh6 Nxh6 12. Qe3
Qf8 13. a5 f6 14. Nd2 {Black is one tempi shy from putting the N on e6, thus
equalizing completely.} O-O-O (14... Rb8 15. Nb3 b6 16. axb6 axb6 17. Ra7 Nf7
18. O-O Qd6 19. Rfa1 O-O 20. Nd2 {with a clear edge for white.}) 15. Nb3 c4 16.
dxc4 Qb4+ 17. Nd2 $16) 11. Bg5 $5 Qe6 12. Bxf6 Bxf6 {[%csl Gb1,Gf6] White's N
is slightly better than black B, but I doubt it is enough for a win} 13. Na3 b6
14. Nc4 O-O $2 {A serious inaccuracy since now black is bound to tough defence
with no counterplay.} (14... Bg5 $142 15. h4 Bh6 16. h5 O-O-O $11) 15. h4 h5
16. f3 {[%cal Gg2g4,Gc4e3]} Kg7 17. Ne3 Rh8 18. Qf2 Qe7 19. b3 {For the next 5
moves white improves his position, little by little and black waits, trusting
the solidity of his position.} Rh7 20. Ke2 Rd8 21. Raf1 Rf8 22. g3 ({white
doesn't hurry to open the game with moves like:} 22. f4 exf4 23. Qxf4 Qe5 {
I see no problems for black here.}) 22... Kh8 23. Rfg1 Rg8 24. Rg2 {[%cal
Gg3g4]} Kg7 ({black has to be careful.On a careless move, such as} 24... Qd8 {
for example, white would've come up with:} 25. g4 $1 hxg4 26. fxg4 Bxh4 27.
Rgh2 $1 g5 28. Nf5 $16) 25. Rgh2 {[%cal Gg3g4]} ({Now} 25. g4 $4 {doen't work
anymore since there is no checkmate on h7} hxg4 26. fxg4 Bxh4 $17) (25. f4 {
[%cal Gf4f5]} exf4 26. gxf4 {[%cal Ge4e5,Ge3f5]} Kh8 27. e5 Bg7 28. Qf3 $14)
25... Rgh8 {[%csl Rh4] Black has prevented white from advancing g3-g4, so he
goes for the other break through.} 26. f4 $6 {Premature, it would've been
better for white to put one of the R's on the 'g' file first, thus preventing
black from exchanging the light pieces.} (26. Rg2 Rg8 27. f4) 26... exf4 $2 {
Black shouldn't change the nature of the position here.} (26... Rd8 27. f5 Rdh8
28. Rf1 Rf8 29. Rfh1 Rfh8 30. g4 hxg4 31. Nxg4 Rxh4 32. Rxh4 (32. Nxf6 $4 Rxh2
33. Rxh2 Rxh2 34. Qxh2 Qxf6 $19) 32... Rxh4 33. Rxh4 Bxh4 34. Qh2 a5 (34...
gxf5 $4 35. Ne3 $1 $18) 35. fxg6 fxg6 36. Nxe5 Qc7 37. Qf4 Bd8 $14) 27. gxf4
Bd4 28. Qg3 {[%cal Ge3f5]} Bxe3 29. Qxe3 Re8 (29... Rd8 30. Rg2 Rd6 31. f5 Kh8
32. Rhg1 $16) 30. Rg2 {[%cal Gf4f5]} Kh8 31. Rg5 Qf6 32. Rhg1 Qc3 33. Kd1 $16 {
[%csl Rf7,Rg6,Rh5,Rh7]} Qd4 (33... Qa1+ 34. Kd2) 34. Qf3 {When white breaks
f4-f5 nothing can save black anymore.} b5 35. f5 (35. axb5 $143 cxb5 36. f5
Qa1+ 37. Kd2 Qa5+ 38. Ke2 Qc3) 35... bxa4 (35... gxf5 $4 36. Qxf5 bxa4 37.
Qxh7+ $18) 36. fxg6 fxg6 37. Rxg6 axb3 38. cxb3 Qa1+ (38... Qc3 39. Qf6+ $18 {
- see the game}) 39. Kc2 Qa2+ 40. Kc3 Qa5+ 41. Kb2 Qd2+ 42. Kb1 Qc3 43. Qf6+
Qxf6 44. Rxf6 Rb7 45. Rh6+ Rh7 46. Rxc6 {A nice technique by Emil Sutovsky.}
1-0

[Event "ROM-ch"]
[Site "Iasi"]
[Date "1999.12.25"]
[Round "13"]
[White "Ardeleanu, Alin"]
[Black "Rogozenco, Dorian"]
[Result "1/2-1/2"]
[WhiteElo "2409"]
[BlackElo "2577"]
[Annotator "Gershon,A"]
[PlyCount "66"]
[EventDate "1999.12.13"]
[EventType "tourn"]
[EventRounds "15"]
[EventCountry "ROU"]
[EventCategory "9"]
[SourceTitle "CBM 075"]
[Source "ChessBase"]
[SourceDate "2000.04.05"]
[SourceVersion "1"]
[SourceVersionDate "2000.04.05"]
[SourceQuality "1"]

1. e4 {Rogozenko} c5 2. Nf3 Nc6 3. Bb5 g6 4. O-O Bg7 5. c3 Nf6 6. Re1 O-O 7. d4
d5 8. e5 Ne4 9. Bxc6 bxc6 10. Nbd2 cxd4 11. cxd4 c5 (11... Bf5 12. Nf1 (12. Nb3
a5 13. Be3 a4 14. Nc5 Nxc5 15. dxc5 Bg4 16. Bd4 Qd7 17. h3 Bf5 18. Bc3 Qc7 19.
Nd4 Bc8 20. f4 Bh6 21. f5 Bxf5 22. Nxf5 gxf5 23. Qh5 Bg7 24. Qxf5 e6 25. Qh5
$13 {1-0 Belkhodja,S-Stranjakovitch,J/Paris 1992/EXT 97 (33)}) 12... f6 13.
exf6 exf6 14. Ng3 Nxg3 $146 (14... Bg4 15. Nxe4 dxe4 16. Rxe4 f5 17. Re3 Bxf3
18. Rxf3 Qxd4 19. Rd3 Qc4 {1/2-1/2 Kveinys,A-Lanka,Z/Zillertal 1993/EXT 98 (19)
}) 15. hxg3 Qb6 {'~~' Rogozenko. Black's weakness on c6 is compensated by a
pair of bishops which have a potential of becoming very effective, and the
fact that white himself has to keep an eye on his pawn on d4. Rogozenko: '0-1
Ardeleanu,A-Grigore,G/Iasi 1999/ (42)'} 16. b3 Rfe8 17. Be3 (17. Ba3 $2 Bh6 {
[%csl Gc1][%cal Gh6c1]} 18. Be7 (18. Bc1 Bf8 $15) 18... Kf7 19. Bc5 Qa6 $17 {
[%cal Gf5b1,Gh6c1] 0-1 Ardeleanu,A-Grigore,G/Iasi 1999/ (42)}) 17... Bf8 18.
Nh4 (18. Rc1 Ba3 19. Rc3 Bb4 $19) 18... Bc8 19. Qc2 $14) 12. dxc5 Nxc5 (12...
Bg4 $2 13. Nb3 Rc8 14. Qd4 f6 15. exf6 Bxf6 16. Ne5 Bxe5 17. Qxe5 Nxc5 18. Nxc5
Rxc5 19. Be3 Rc4 20. Bd4 $18 {[%csl Gg8][%cal Gd4h8] 1-0 Rozentalis,E-Muir,A/
Batumi GEO 1999 (27)}) 13. Nb3 Nxb3 (13... Ne4 14. Bf4 f6 15. exf6 $2 (15. Qd4
$142) 15... Bxf6 16. Bc7 $6 Qd7 17. Be5 Bxe5 18. Nxe5 Qd6 19. Qd4 Nxf2 20. Rf1
Rf5 21. Rae1 Ne4 $17 {1-0 Oral,T-Babula,V/Olomouc 1997/CBM 61 (33)}) (13... Na4
14. Nfd4 Qb6 15. Rb1 Bd7 16. Bg5 Rfe8 17. Qd2 Rac8 18. Bh6 Bh8 19. h4 Rc4 20.
h5 Qb4 21. Qe3 e6 22. Red1 Qb8 23. Re1 Qb6 24. Bg5 Rb4 25. h6 Nc5 26. Nxc5 Qxc5
27. Red1 $14 {1/2-1/2 Zahariev,Z-Kotronias,V/Ano Liosia 1997/EXT 98 (87)}) 14.
Qxb3 Re8 (14... a5 15. Nd4 Qd7 16. Bd2 e6 17. a4 Ba6 18. Qg3 Rfb8 19. b3 Bf8
20. Rec1 Bb4 21. Bxb4 Rxb4 22. Nc6 Rb6 23. Nxa5 d4 24. Qf4 Qd5 25. Rc7 $18 {
0-1 Pedzich,D-Oral,T/Loewenstein 1997/CBM 58 ext (36)}) 15. Bf4 {'N' Rogozenko.
} (15. Qb4 a5 16. Qh4 Rb8 17. Nd4 Qb6 18. b3 Bd7 19. Bd2 h6 20. Nf3 g5 {
1/2-1/2 Kveinys,A-Van der Wiel,J/Koszalin 1998/CBM 65 ext (20) Rogozenko: '1/
2-1/2 Kveinys,A-Van der Wiel,J/Koszalin 1998/ (20)'}) (15. Nd4 {Rogozenko} Qa5
$6 (15... Qb6) 16. Bf4 Ba6 17. Qe3 Qb6 18. b3 Bb7 19. Rad1 a5 20. Bh6 Bh8 21.
a4 $14 {1-0 Rozentalis,E-Antoniewski,R/Suwalki 1999/ (35)}) 15... e6 (15... h6
$5 {Rogozenko}) 16. Bg5 (16. Nd4 {Rogozenko} Bd7 17. Rac1 Rb8 18. Qc3 Qb6 $11)
(16. Rac1 {Rogozenko} h6 $5) 16... Qa5 (16... Qb6 17. Bf6 (17. Qa4 {Rogozenko}
Ba6 18. b3 {/\19.Qf4+/=.} h6 19. Be3 Bb5 20. Qh4 Qd8 $13) 17... Qxb3 18. axb3
Bf8 (18... Bxf6 19. exf6 {[%csl Rc8,Gf3][%cal Gf3e5] The knight is much
stronger than the bishop in this position.}) 19. Rec1 a5 20. Nd4 $16 {[%cal
Gd4b5,Yb5c7,Yb5d6,Gd4c6,Rc1c7]}) 17. Rac1 Ba6 (17... Bd7 {Rogozenko} 18. Bd2
Qb6 19. Qxb6 axb6 20. Rc7 Bb5 21. Nd4 Bd3 $13) 18. Bd2 Qb5 (18... Qb6 19. Qxb6
axb6 20. Rc6 $16 {[%cal Gf3d4,Gd2b4,Gb4d6]}) 19. Qxb5 Bxb5 20. Nd4 $14 Reb8 $1
{[%csl Rb2][%cal Gb5e8,Rb2b3,Ga7a4] Black's idea is to place his bishop on e8
neutrelizing white's knight and create a counterplay on the Q side.} 21. b3 Be8
22. f4 (22. Rc7 {Rogozenko} Rc8 $11) 22... Bf8 {'?!' Rogozenko.} (22... Rc8 $11
{Rogozenko}) 23. Rc7 {'+/=' Rogozenko.} a5 24. a4 $8 {[%csl Ga5,Gb3] A double
edged move. Creating weaknesses in both camps.} (24. Rec1 {Rogozenko} a4 25.
Kf2 $14) 24... Ba3 {[%cal Ga3b2]} (24... Bb4 25. Bxb4 Rxb4 26. Rd1 $16 {
[%cal Gg1e3,Gg2g4,Gf4f5]}) 25. Bc1 (25. Bc3 Rc8 26. Rxc8 (26. Bxa5 Rxc7 27.
Bxc7 Bc5 28. Rd1 Bxa4 $1 $17) 26... Rxc8 27. Bxa5 Bc5 28. Rd1 Rb8 29. Kf1 Bxd4
30. Rxd4 Rxb3 31. Bd2 Ra3 32. a5 Bb5+ 33. Kf2 Bc4 $14 {Although black has 
[roblems getting his king into the game, white has no clear plan either which
makes a draw to be the most likely result.}) (25. Kf2 $14 {Rogozenko} Bb2 26.
Bc3) 25... Bb4 26. Re2 Kf8 27. Rec2 Be7 28. Kf2 (28. g4 {Rogozenko} Bd8 29.
Ba3+ Kg8 30. R7c3 Bd7 $14) 28... Bd8 (28... Rb4 $4 29. Ba3 Rxd4 30. Bxe7+ Kg8
31. Rc8 $18) 29. Ba3+ Kg8 30. R7c3 Bd7 31. Bd6 Rb7 32. Ke3 Kg7 33. g3 (33. Bc7
Be7 {It's really difficult to see how one can make any serious progress in
this position.}) 33... h6 {'+/=' Rogozenko.} 1/2-1/2

[Event "Redbus KO"]
[Site "Southend"]
[Date "2001.04.14"]
[Round "2.1"]
[White "Adams, Michael"]
[Black "Chandler, Murray G"]
[Result "1-0"]
[WhiteElo "2750"]
[BlackElo "2529"]
[Annotator "Gershon,A"]
[PlyCount "129"]
[EventDate "2001.04.13"]
[EventType "k.o."]
[EventRounds "4"]
[EventCountry "ENG"]
[SourceTitle "CBM 083"]
[Source "ChessBase"]
[SourceDate "2001.07.05"]
[SourceVersion "1"]
[SourceVersionDate "2001.07.05"]
[SourceQuality "1"]

{[%mdl 32768]} 1. e4 c5 2. Nf3 Nc6 3. Bb5 g6 4. Bxc6 dxc6 5. d3 Bg7 6. h3 Nf6
7. Nc3 Nd7 8. Be3 e5 9. Qd2 (9. a3 a5 10. O-O O-O 11. Qd2 a4 12. Bh6 Qe7 13.
Bxg7 Kxg7 14. Nh2 f6 15. f4 exf4 16. Qxf4 Ne5 $11 {1/2-1/2 Ashley,M-Reinderman,
D/Wijk aan Zee 2000/CBM 75 (36)}) 9... Qe7 (9... h6 10. O-O Qe7 (10... Qc7 11.
Nh2 b6 12. f4 exf4 13. Rxf4 Ne5 14. a4 O-O 15. Raf1 Be6 16. Ne2 Rfd8 17. Qc1 f5
18. Ng3 fxe4 19. Nxe4 Bf5 20. g4 Bxe4 21. Rxe4 g5 $13 {0-1 Turov,M-Lukin,A/St
Petersburg 1999/CBM 74 (50)}) 11. a3 b6 12. Ne2 Bb7 13. b4 Rd8 14. Ng3 Ba6 15.
Rfd1 Bc8 16. Rab1 Kf8 17. bxc5 Nxc5 18. d4 Kg8 19. Qc3 exd4 20. Bxd4 $14 {
1-0 Spasov,V-Grigore,G/Budapest 2000/CBM 78 (47)}) 10. Bh6 O-O (10... Bxh6 11.
Qxh6 f6 12. Nd2 Nf8 13. f4 exf4 14. Qxf4 Ne6 15. Qf2 Nd4 16. Nb3 Qe5 17. O-O
O-O 18. Rae1 Be6 19. Kh1 Rad8 20. Nxd4 Qxd4 21. Qg3 Qe5 22. Qf2 b6 {1/2-1/2
Iordachescu,V-San Segundo Carrillo,P/Ohrid MKD 2001/The Week in Chess 345 (22)}
) (10... f6 11. Ne2 Bxh6 12. Qxh6 Nf8 13. O-O Ne6 14. Nh4 Qg7 15. Qd2 Nd4 16.
c3 $2 g5 $1 17. cxd4 gxh4 {[%cal Gc8h3]} 18. Kh1 Rg8 19. Rg1 cxd4 $17 {0-1
Maksimov,D-Matjushina,Z/Alushta 2000/EXT 2001 (32)}) 11. Nh2 $5 (11. Bxg7 Kxg7
12. Nh2 Nb6 13. O-O c4 14. f4 exf4 15. Rxf4 cxd3 16. cxd3 Be6 17. Nf3 f6 18.
Nd4 Rad8 {1/2-1/2 Chandler,M-Reinderman,D/Batumi 1999/CBM 74 (18)}) 11... Rd8
12. Ng4 Nf8 (12... f6 $5 {not letting white's Q get to h6} 13. Bxg7 Qxg7 14.
Ne3 $11 (14. Nh6+ Kh8 15. h4 $140 $2 Nf8 16. h5 g5 17. Nf5 Bxf5 18. exf5 c4 $15
)) 13. Bxg7 Kxg7 14. Qh6+ Kg8 15. O-O-O c4 {Leading to a forced line, after
which white get a slightly better ending.} (15... Bxg4 16. hxg4 b5 $13) 16.
dxc4 Bxg4 17. hxg4 Qc5 {[%csl Rc4,Rf2]} 18. f3 Qxc4 19. Rxd8 Rxd8 20. Qg5 {
[%csl Rd8,Re5][%cal Yg5d8,Yg5e5]} Re8 21. Qe3 $1 (21. Rd1 b5 $36) 21... Qd4 (
21... a6 22. Qb6 $16 {[%csl Rb7][%cal Gh1d1,Yd1d8]}) (21... b6 22. Rd1) (21...
b5 22. Qxa7 b4 23. Qa4 $1 {[%cal Ga2a3]} (23. Nd1 Qe2 24. Qf2 $2 Qa6 $17 {
[%csl Ra2]}) 23... Rd8 (23... Qd4 24. Nd5 $1 $16 {[%cal Gd5f6,Gh1d1]}) 24. a3
c5 25. axb4 cxb4 26. Nd5 $16) 22. Qxd4 exd4 23. Ne2 Ne6 24. Kd2 $14 {[%csl Rd4]
Now black's advanced P on 'd4' becomes a very good targed for white's pieces,
as black's monarch is far away from the center..} Rd8 25. b3 b5 $2 (25... c5
$142 26. a4 b6 27. Kd3 a6 {and black should hold}) 26. Ra1 $1 {[%cal Ya1a8,
Ga2a4]} c5 27. a4 a6 (27... b4 28. Kd3 {[%csl Rc5,Rd4][%cal Gd3c4,Ye2c1,Yc1d3]}
) 28. axb5 axb5 29. Ra5 {Adams is trying to force black to advance his 'b'
pawn. Black by not doing so, is obliged to place his pieces passively.} Rb8 30.
Kd3 Kg7 31. f4 {[%csl Re6][%cal Gf4f5] Getting more and more space} Rb7 32. f5
Nd8 {[%cal Gd8c6,Yc6b4,Rc6e5]} 33. Ra6 $1 {[%csl Yc6][%cal Ga6f6]} Rc7 (33...
f6 34. Nf4 $16) 34. g5 gxf5 35. exf5 $16 Nc6 (35... Rc6 36. Ra8 Rd6 37. Ng3 $16
{[%csl Yf6][%cal Gg3e4,Gg3h5,Ye4f6,Yh5f6]}) 36. Rb6 Nb4+ (36... b4 37. Nf4 {
/\ 38.f6+ Kg8 39.Rc8 Rc6 +-}) 37. Kd2 Nd5 38. Rxb5 $18 Ne3 39. Ng3 (39. b4 $5
Nxf5 40. Rxc5 Rxc5 41. bxc5 Kg6 42. c6 Kxg5 43. Nxd4 Nd6 44. Kc3 Kf4 45. Kb4
Ke5 46. Nb5 $18) 39... Kf8 40. f6 Ke8 41. Ne4 Kd7 42. Kd3 $6 (42. Rxc5 Rxc5 43.
Nxc5+ Kd6 44. Nd3 Nxg2 {wouldn't be easy for white, as his pawns are very
vulnerable}) (42. c4 $1 Nxg2 43. Nxc5+ Kc6 44. Nd3 {with an easy win}) 42...
c4+ 43. bxc4 Rxc4 44. Rb7+ Rc7 (44... Ke6 45. Re7+ Kd5 46. Rxf7 $18) 45. Nc5+
Kc6 46. Rxc7+ Kxc7 47. Ne6+ Kd6 48. Nxd4 Nxg2 49. Ke4 {[%csl Rg2]} Ne1 50. c3 {
It is more than a pawn. What is more important is black's bad N} Kd7 51. Nf3
Nc2 52. c4 Nb4 53. Kf5 Nc2 (53... Nc6 54. Ne5+) 54. Ne5+ Ke8 55. Ke4 {The rest
needs no comments} Nb4 56. c5 Na6 57. c6 Nc7 58. Nc4 {[%csl Rf7][%cal Gc4d6,
Ye4e5,Ye5d6]} Ne6 59. Nd6+ Kf8 (59... Kd8 60. Nxf7+ Kc7 61. Ke5 Nc5 62. Kd5 Nd3
63. Ne5 $18) 60. Kd5 Kg8 61. Ne4 Nc7+ 62. Kd6 Nb5+ 63. Kd7 h5 64. gxh6 Kh7 65.
Nd6 {The simplest} 1-0

[Event "GER-ch 73th"]
[Site "Altenkirchen"]
[Date "2001.11.30"]
[Round "1"]
[White "Lutz, Christopher"]
[Black "Handke, Florian"]
[Result "1-0"]
[WhiteElo "2643"]
[BlackElo "2384"]
[Annotator "Gershon,A"]
[PlyCount "87"]
[EventDate "2001.11.30"]
[EventType "swiss"]
[EventRounds "9"]
[EventCountry "GER"]
[SourceTitle "CBM 087"]
[Source "ChessBase"]
[SourceDate "2002.03.21"]
[SourceVersion "1"]
[SourceVersionDate "2002.03.21"]
[SourceQuality "1"]

1. e4 c5 2. Nf3 Nc6 3. Bb5 g6 4. Bxc6 bxc6 5. O-O Bg7 6. Re1 Nh6 7. c3 O-O 8.
d4 cxd4 9. cxd4 f6 10. Nc3 d6 11. b3 Nf7 12. Bb2 Qb6 (12... Bd7 13. Rc1 (13. h3
e5 14. Qc2 exd4 15. Nxd4 f5 16. Rad1 f4 17. Nf3 Qe7 18. Ne2 Ne5 19. Nxe5 dxe5
20. Ba3 Qxa3 21. Rxd7 $14 {0-1 Miroshnichenko,E-Shalimov,V/Alushta 2000/EXT
2001 (34)}) (13. Qd3 Qa5 14. Nd2 Rad8 15. Rad1 Bc8 16. Qc2 Ba6 17. a3 Qb6 18.
b4 Rfe8 19. Nb3 Rc8 $14 {1-0 Shchekachev,A-Wallart,A/Fourmies 2001/EXT 2002 
(32)}) 13... Qb6 14. h3 Rad8 15. Qe2 Rfe8 (15... Kh8 16. e5 Bc8 17. Na4 Qa5 18.
Bc3 Qb5 $11 {0-1 Savic,M-Alexandrova,O/Belgrade 2001/CBM 84 ext (33)}) 16. e5
Be6 17. d5 $1 cxd5 18. Na4 Qb7 19. Nd4 Ng5 20. h4 $18 (20. exf6 $2 exf6 21. Qb5
Qxb5 22. Nxb5 $14 {1-0 Oratovsky,M-Gallagher,J/Lisbon 2000/EXT 2001 (64). (63)}
)) 13. h3 Bd7 $6 (13... e5 {was necessary.}) 14. e5 Ng5 (14... fxe5 15. Na4 $1
(15. dxe5 $6 Nxe5 16. Nxe5 Qxf2+ 17. Kh1 Bxe5 18. Rxe5 dxe5 19. Qxd7 Qxb2 $19)
15... Qc7 16. dxe5 Nxe5 17. Nxe5 dxe5 18. Nc5 $16) 15. Nxg5 fxg5 16. Ne4 (16.
e6 $143 {White must not reduce the tension} Bc8 $15 {[%csl Rd4][%cal Gc8a6]})
16... g4 $2 {trying to complicate the position. However, trying to recover the
pawn, black loses too much precious time} (16... dxe5 $142 17. dxe5 Rad8 18.
Qe2 h6 19. Rad1 Bf5 $14) 17. hxg4 Rf4 18. exd6 exd6 19. Qd2 (19. g5 Raf8 (19...
Bf5 20. Nf6+ Bxf6 21. gxf6 $18) 20. Qd2 $16) 19... Rxg4 20. d5 {without the
dark squared B black's K position should become critical. However, black
manages to cover the dark squares} ({also interesting was:} 20. Nxd6 $142 $1
Bxd4 (20... Qc7 $16 21. Nc4 Rf8 22. Ne5 Rgf4 23. Re2) 21. Re7 {[%csl Rd7][%cal
Gd2h6]} Bf5 22. Nxf5 gxf5 23. Rae1 $18 {[%cal Gb2d4,Rd2h6]}) 20... Bf5 21. Nxd6
Rd8 22. Re7 Bf8 23. Nxf5 $2 {after this move white is still winning of, course,
but 23.Qe1 would seize the deal} ({White misses a winning-on-the-spot move,
which my buddy Fritz finds in half a second...} 23. Qe1 $1 {[%cal Ge1e5,Ge5h8]
it's actually an immediate resignation!} Rxd6 (23... Bxe7 24. Qxe7 $18) 24. Qe5
$18) 23... gxf5 24. Qc3 Bxe7 25. Qh8+ Kf7 26. Qxh7+ Ke8 27. Qh5+ Kd7 28. Qxf5+
Kc7 29. Qxg4 Rxd5 {White is winning here, although some careful play is still
needed.} 30. Re1 Bc5 31. Qg7+ Rd7 32. Be5+ Kc8 33. Qg8+ Rd8 (33... Kb7 34. Qb8+
Ka6 35. Qxb6+ {is hopeless, of course. Black has to keep all the pieces on the
board, to keep the tention}) 34. Qe6+ Kb7 35. Qf7+ Ka6 {Task one completed:
white has defended his 'f2' pawn and now can play against bkack K} (35... Ka8
36. Bc7 Qb7 (36... Bxf2+ 37. Kf1 Qb7 38. Kxf2) 37. Re8 $18) 36. Qc4+ (36. Bc7
$2 Bxf2+ 37. Kf1 Qb4 $1 {[%cal Gb4f8,Gb4f4] covering both f8 and f4. Now on 38.
Qf2 Rf8 is winning for black.} 38. Qe7 Qxe7 39. Rxe7 Rf8 {is much more
difficult to win for white}) 36... Kb7 37. Qf7+ Ka6 38. Qc4+ $138 {One check
too many. White was obviously in a time trouble, and made a few checks to earm
some time.} (38. Rc1 $142) 38... Kb7 39. Bg3 (39. Qf7+ $4 Ka6 $11 {by
threefold repetition}) 39... Rd2 40. Qf7+ Ka6 41. a4 $1 {[%csl Yb5] taking
away the b5 square from the king} Rb2 42. Rc1 Bd4 43. Rd1 Rc2 $2 {the final
blunder.However, the position is already hopeless.} (43... Qc5 44. Qf3 {
[%cal Gf3d3]} Kb6 45. Qf4 {[%cal Gf4d4,Gf4b8]} Bc3 46. Qc7+ Ka6 47. Qc8+ Kb6
48. Bc7# {is an example of how dangerous black's position is.}) 44. Qf5 {
[%cal Gf5c2,Gf5c8]} (44. Qf5 Rc3 45. Qc8+ Qb7 46. Qxb7+ Kxb7 47. Rxd4 $18) 1-0